000 00636cam a22002053a 4500
001 38890
003 PGUSA
005 20140828083847.0
008 120215s2012||||xxu|||||s|||||000 | eng d
040 _aPGUSA
_beng
042 _adc
100 1 _aWolfe, Theodore F.
_q(Theodore Frelinghuysen)
245 1 2 _aA Literary Pilgrimage Among the Haunts of Famous British Authors
_h[electronic resource] /
_cTheodore F. Wolfe
260 _bProject Gutenberg,
_c2012
506 _aPublic domain in the USA.
516 _aElectronic text
830 0 _aProject Gutenberg
_v38890
856 4 0 _uhttp://www.gutenberg.org/ebooks/38890
942 _cEB
999 _c268144
_d268144